Písmenka a pan Antonín /

Hlavní autor: Závadová, Kateřina, 1952-
Další autoři: Votruba, Jiří, 1946 prosinec 8.-
Jazyk: Čeština
Vydáno: Praha : Albatros, 2013
Vydání: 1. vyd.
Edice: První čtení (Albatros)
Témata:
Fyzický popis: 62 s. : barev. il. ; 21 cm
Knihy
Uloženo v:
LEADER 01405nam a2200409 a 4500
001 nkc20132446671
003 CZ PrNK
005 20131107062010.0
007 ta
008 130313s2013 xr a b 000 j cze
015 |a cnb002446671 
020 |a 978-80-00-03150-7  |q (váz.) 
035 |a (OCoLC)864847332 
040 |a OLA001  |b cze 
072 7 |a 821.162.3-3  |x Česká próza  |2 Konspekt  |9 25 
072 7 |a 821-93  |x Literatura pro děti a mládež (beletrie)  |2 Konspekt  |9 26 
080 |a 821.162.3-32  |2 MRF 
080 |a 821-93  |2 MRF 
080 |a (0:82-32)  |2 MRF 
100 1 |a Závadová, Kateřina,  |d 1952-  |7 jn20010310469  |4 aut 
245 1 0 |a Písmenka a pan Antonín /  |c Kateřina Závadová ; ilustroval Jiří Votruba 
250 |a 1. vyd. 
260 |a Praha :  |b Albatros,  |c 2013 
300 |a 62 s. :  |b barev. il. ;  |c 21 cm 
490 1 |a První čtení 
521 8 |a Pro začínající čtenáře 
655 7 |a české příběhy  |7 fd133973  |2 czenas 
655 7 |a publikace pro děti  |7 fd133156  |2 czenas 
655 9 |a Czech stories  |2 eczenas 
655 9 |a children's literature  |2 eczenas 
700 1 |a Votruba, Jiří,  |d 1946 prosinec 8.-  |7 jn20010309312  |4 ill 
830 0 |a První čtení (Albatros)  |0 s 
910 2 |a BOA001  |b 2-1312.188 
990 |a BK 
995 |a 01 
991 |b 201310  |e db 
996 6 |b 2610567339  |c 2-1312.188  |l MZK  |r Sklad / do 1 hodiny  |n 0  |p p.v.  |w 001374947  |u 000010  |a 1  |e BOA001  |j MZK50  |s P